[Event "FICGS no engines 01 email"]
[Site "FICGS email"]
[Date "2011.11.04"]
[Round "1"]
[White "Trigance, Emile"]
[Black "Denchev, Stanimir"]
[Result "1-0"]
[WhiteElo "1600"]
[BlackElo "1619"]
[PlyCount "29"]
[EventDate "2011.??.??"]
[EventType "swiss (corr)"]
[EventRounds "1"]
[SourceTitle "Corr 2013"]
[Source "ChessBase"]
[SourceDate "2012.11.12"]
[SourceVersion "1"]
[SourceVersionDate "2012.11.12"]
[SourceQuality "1"]

1. e4 e5 2. Nf3 Nc6 3. Bc4 Be7 4. d4 exd4 5. Nxd4 Nxd4 6. Qxd4 Nf6 7. e5 c5 8. Qf4 g5 9. Qf3 g4 10. Qf4 Qc7 11. exf6 Qxf4 12. Bxf4 Bxf6 13. Nc3 Bxc3+ 14. bxc3 Ke7 15. 0-0-0 1-0

[Event "FICGS class C 000180 email"]
[Site "FICGS email"]
[Date "2011.08.29"]
[Round "1"]
[White "Wilson, Jaimie"]
[Black "Denchev, Stanimir"]
[Result "1-0"]
[WhiteElo "1653"]
[BlackElo "1619"]
[PlyCount "41"]
[EventDate "2011.??.??"]
[EventType "tourn (corr)"]
[EventRounds "1"]
[SourceTitle "Corr 2022"]
[Source "ChessBase"]
[SourceDate "2021.10.24"]
[SourceVersion "1"]
[SourceVersionDate "2021.10.24"]
[SourceQuality "1"]

1. e4 c5 2. c3 d5 3. exd5 Qxd5 4. d4 Nf6 5. Nf3 Bg4 6. Be2 e6 7. 0-0 Be7 8. h3 Bh5 9. Be3 Nbd7 10. Na3 cxd4 11. Nb5 Qc5 12. cxd4 Qb6 13. d5 Qa5 14. dxe6 fxe6 15. Nd6+ Bxd6 16. Qxd6 Qd5 17. Qa3 h6 18. Rfd1 Qe4 19. Rac1 Nd5 20. Rd4 Qg6 21. g4 1-0

[Event "FICGS rapid C 000100 email"]
[Site "FICGS email"]
[Date "2011.08.14"]
[Round "1"]
[White "Denchev, Stanimir"]
[Black "Prie, Eric"]
[Result "1/2-1/2"]
[WhiteElo "1619"]
[BlackElo "1484"]
[PlyCount "92"]
[EventDate "2011.??.??"]
[EventType "tourn (rapid)"]
[EventRounds "4"]
[SourceTitle "Corr 2013"]
[Source "ChessBase"]
[SourceDate "2012.11.12"]
[SourceVersion "1"]
[SourceVersionDate "2012.11.12"]
[SourceQuality "1"]

1. d4 Nf6 2. c4 e6 3. Nf3 Bb4+ 4. Bd2 Qe7 5. e3 0-0 6. Bd3 d5 7. 0-0 b6 8. Nc3 Bb7 9. Re1 Bxc3 10. Bxc3 dxc4 11. Bxc4 Ne4 12. Qd3 Nd7 13. Rad1 Rad8 14. Qc2 c5 15. d5 Nxc3 16. Qxc3 exd5 17. Bxd5 Nf6 18. Bxb7 Qxb7 19. Rd2 Ne4 20. Qc2 Nxd2 21. Nxd2 Qd5 22. Nb3 Rd6 23. f3 Rfd8 24. Kf2 Kf8 25. Ke2 Qh5 26. h3 Qh4 27. Rc1 Qg3 28. Kf1 a5 29. a4 Rd3 30. Re1 Qe5 31. Kf2 Qd5 32. Nd4 Rxd4 33. exd4 Qxd4+ 34. Kf1 Qd3+ 35. Qxd3 Rxd3 36. Rb1 Rb3 37. Ke2 Ke7 38. Kd2 Kd6 39. Kc2 Rb4 40. b3 h5 41. Re1 Kd7 42. Re5 g6 43. Rd5+ Ke7 44. Re5+ Kd7 45. Rd5+ Ke7 46. Re5+ Kd7 1/2-1/2

[Event "FICGS class C 000178 email"]
[Site "FICGS email"]
[Date "2011.07.07"]
[Round "1"]
[White "Caufield, William"]
[Black "Denchev, Stanimir"]
[Result "0-1"]
[WhiteElo "1700"]
[BlackElo "1619"]
[PlyCount "42"]
[EventDate "2011.??.??"]
[EventType "tourn (corr)"]
[EventRounds "1"]
[SourceTitle "Corr 2013"]
[Source "ChessBase"]
[SourceDate "2012.11.12"]
[SourceVersion "1"]
[SourceVersionDate "2012.11.12"]
[SourceQuality "1"]

1. e4 e5 2. Nf3 Nc6 3. Bb5 a6 4. Bxc6 dxc6 5. d4 exd4 6. Qxd4 Qxd4 7. Nxd4 c5 8. Nf3 Bg4 9. Be3 Bxf3 10. gxf3 g6 11. Nd2 Nf6 12. Nc4 Nd7 13. 0-0-0 0-0-0 14. h4 h5 15. Bg5 Re8 16. Bf4 Bg7 17. Rd5 Bd4 18. c3 Bf6 19. Rhd1 Re7 20. Bg3 Rhe8 21. f4 Bg7 0-1

[Event "FICGS class C 000178 email"]
[Site "FICGS email"]
[Date "2011.07.07"]
[Round "1"]
[White "Hallqvist, Niklas"]
[Black "Denchev, Stanimir"]
[Result "1-0"]
[WhiteElo "1744"]
[BlackElo "1619"]
[PlyCount "55"]
[EventDate "2011.??.??"]
[EventType "tourn (corr)"]
[EventRounds "1"]
[SourceTitle "Corr 2013"]
[Source "ChessBase"]
[SourceDate "2012.11.12"]
[SourceVersion "1"]
[SourceVersionDate "2012.11.12"]
[SourceQuality "1"]

1. c4 c5 2. g3 Nf6 3. Bg2 Nc6 4. Nf3 d6 5. 0-0 g6 6. d4 cxd4 7. Nxd4 Nxd4 8. Qxd4 Bg7 9. Nc3 0-0 10. Bg5 Rb8 11. Qxa7 Be6 12. c5 Ra8 13. Qxb7 Rb8 14. Qa7 Rxb2 15. c6 h6 16. Be3 Ng4 17. Bd4 Ne5 18. Rab1 Nc4 19. Bxg7 Kxg7 20. Rxb2 Nxb2 21. Rb1 Nc4 22. c7 Qd7 23. Rb8 Rc8 24. Rxc8 Qxc8 25. Bd5 Ne5 26. Bxe6 Qxe6 27. Qb7 d5 28. c8Q 1-0

[Event "FICGS class C 000162 email"]
[Site "FICGS email"]
[Date "2010.11.27"]
[Round "1"]
[White "Denchev, Stanimir"]
[Black "Jabot, Daniel"]
[Result "0-1"]
[WhiteElo "1674"]
[BlackElo "1700"]
[PlyCount "86"]
[EventDate "2010.??.??"]
[EventType "tourn (corr)"]
[EventRounds "6"]
[SourceTitle "Corr 2013"]
[Source "ChessBase"]
[SourceDate "2012.11.12"]
[SourceVersion "1"]
[SourceVersionDate "2012.11.12"]
[SourceQuality "1"]

1. d4 d5 2. c4 c6 3. Nf3 Nf6 4. Nc3 e6 5. Bg5 h6 6. Bxf6 Qxf6 7. e4 dxe4 8. Nxe4 Bb4+ 9. Nc3 c5 10. Be2 cxd4 11. Nxd4 Bxc3+ 12. bxc3 Nd7 13. 0-0 0-0 14. Bf3 Ne5 15. c5 Qe7 16. c6 Nxf3+ 17. Qxf3 bxc6 18. Nxc6 Qc5 19. Ne7+ Qxe7 20. Qxa8 Ba6 21. Qe4 Bxf1 22. Kxf1 Qc7 23. h3 Qxc3 24. Rb1 Rc8 25. Qe3 Qc4+ 26. Qe2 Qxe2+ 27. Kxe2 Rc2+ 28. Ke3 Rxa2 29. Rb8+ Kh7 30. Rb7 Kg6 31. g3 a5 32. Ra7 a4 33. f4 a3 34. Kf3 Ra1 35. Ra6 a2 36. Kg4 f5+ 37. Kh4 Kf6 38. Ra5 g5+ 39. Kh5 Rh1 40. h4 a1Q 41. Rxa1 Rxa1 42. g4 Rh1 43. fxg5+ hxg5 0-1

[Event "FICGS class C 000159 email"]
[Site "FICGS email"]
[Date "2010.10.12"]
[Round "1"]
[White "Riline, Alejandro"]
[Black "Denchev, Stanimir"]
[Result "1/2-1/2"]
[WhiteElo "1710"]
[BlackElo "1703"]
[PlyCount "49"]
[EventDate "2010.??.??"]
[EventType "tourn (corr)"]
[EventRounds "6"]
[SourceTitle "Corr 2013"]
[Source "ChessBase"]
[SourceDate "2012.11.12"]
[SourceVersion "1"]
[SourceVersionDate "2012.11.12"]
[SourceQuality "1"]

1. e4 c5 2. Nf3 Nc6 3. Bb5 Nd4 4. Nxd4 cxd4 5. 0-0 g6 6. d3 Bg7 7. f4 Nf6 8. Nd2 Qb6 9. Ba4 0-0 10. Bb3 d6 11. h3 e5 12. Nc4 Qc7 13. a4 b6 14. Bd2 Bb7 15. Rf2 Nd7 16. Qf1 d5 17. exd5 Bxd5 18. fxe5 Nxe5 19. Bf4 Rad8 20. Re1 Rfe8 21. Nxe5 Bxe5 22. Bxd5 Rxd5 23. Rfe2 Re6 24. Qf3 Qd6 25. Bxe5 1/2-1/2

[Event "FICGS class C 000159 email"]
[Site "FICGS email"]
[Date "2010.10.12"]
[Round "1"]
[White "Von Buttlar, Paul"]
[Black "Denchev, Stanimir"]
[Result "1-0"]
[WhiteElo "1683"]
[BlackElo "1703"]
[PlyCount "103"]
[EventDate "2010.??.??"]
[EventType "tourn (corr)"]
[EventRounds "6"]
[SourceTitle "Corr 2013"]
[Source "ChessBase"]
[SourceDate "2012.11.12"]
[SourceVersion "1"]
[SourceVersionDate "2012.11.12"]
[SourceQuality "1"]

1. c4 e5 2. Nc3 Nc6 3. Nf3 Nf6 4. d4 e4 5. Nd2 Nxd4 6. Ndxe4 Nxe4 7. Nxe4 Bb4+ 8. Bd2 Bxd2+ 9. Qxd2 Nc6 10. g3 d6 11. Bg2 0-0 12. 0-0 Be6 13. b3 h6 14. Rad1 Qc8 15. Rfe1 Bh3 16. Bh1 Qe6 17. Nc3 Rae8 18. Nd5 Qd7 19. c5 Re6 20. Nf4 Rf6 21. Bxc6 bxc6 22. f3 Bf5 23. e4 Bh7 24. e5 Rxf4 25. Qxf4 d5 26. Qa4 Ra8 27. Qa6 Bf5 28. Qb7 Qe8 29. Qxc7 Qc8 30. Qxc8+ Rxc8 31. g4 Be6 32. h3 Rb8 33. Rd4 Kf8 34. Ra4 Rb7 35. f4 g6 36. Kf2 Ke7 37. Ke3 Kd7 38. Kd4 Kc7 39. Rf1 Kb8 40. f5 gxf5 41. gxf5 Bd7 42. Kc3 Rb5 43. b4 Rb7 44. Ra3 Be8 45. Rb3 Re7 46. Kd4 Kc7 47. Rg3 f6 48. e6 Kd8 49. Rg8 Rh7 50. Rfg1 a6 51. R1g7 Rxg7 52. Rxg7 1-0

[Event "FICGS theme 0001 email"]
[Site "FICGS email"]
[Date "2010.09.18"]
[Round "1"]
[White "Denchev, Stanimir"]
[Black "Riha, Josef"]
[Result "0-1"]
[WhiteElo "1611"]
[BlackElo "2034"]
[PlyCount "90"]
[EventDate "2010.??.??"]
[EventType "swiss (corr)"]
[EventRounds "1"]
[SourceTitle "Corr 2013"]
[Source "ChessBase"]
[SourceDate "2012.11.12"]
[SourceVersion "1"]
[SourceVersionDate "2012.11.12"]
[SourceQuality "1"]

1. e4 c5 2. Nf3 e6 3. d4 cxd4 4. Nxd4 Bc5 5. c3 Qb6 6. Bc4 Nc6 7. 0-0 Ne5 8. Bb3 Nf6 9. Re1 h6 10. h3 0-0 11. a4 d6 12. a5 Qc7 13. Nd2 Nd3 14. Re3 Nxc1 15. Qxc1 Bd7 16. Rf3 b6 17. axb6 axb6 18. Rxa8 Rxa8 19. Qb1 b5 20. Nf1 Qb6 21. Ne2 Ra6 22. Nfg3 Qa7 23. Nc1 Ra1 24. Qc2 h5 25. Rxf6 gxf6 26. Nxh5 Bxf2+ 27. Kh2 Bg1+ 28. Kh1 Be3 29. Nxf6+ Kg7 30. Nh5+ Kf8 31. Qd3 Rxc1+ 32. Kh2 Bg1+ 33. Kh1 Bf2+ 34. Kh2 Qa1 35. Qxd6+ Kg8 36. Qb8+ Kh7 37. Nf6+ Kg6 38. Qg8+ Kxf6 39. Qd8+ Ke5 40. Qc7+ Kxe4 41. Qb7+ Ke5 42. Qc7+ Kf5 43. g4+ Ke4 44. Qb7+ Kf4 45. Qc7+ e5 0-1

[Event "FICGS class C 000138 email"]
[Site "FICGS email"]
[Date "2010.02.26"]
[Round "1"]
[White "Denchev, Stanimir"]
[Black "Von Buttlar, Paul"]
[Result "0-1"]
[WhiteElo "1611"]
[BlackElo "1776"]
[PlyCount "52"]
[EventDate "2010.??.??"]
[EventType "tourn (corr)"]
[EventRounds "1"]
[SourceTitle "Corr 2013"]
[Source "ChessBase"]
[SourceDate "2012.11.12"]
[SourceVersion "1"]
[SourceVersionDate "2012.11.12"]
[SourceQuality "1"]

1. d4 d5 2. c4 c6 3. Nf3 e6 4. e3 Nf6 5. Nc3 Nbd7 6. Bd3 dxc4 7. Bxc4 b5 8. Bd3 a6 9. e4 c5 10. 0-0 cxd4 11. Nxd4 Bb7 12. Re1 Ne5 13. Bb1 Bc5 14. Be3 Nc4 15. e5 Nd7 16. Qg4 g6 17. Nxe6 fxe6 18. Bxg6+ hxg6 19. Qxg6+ Kf8 20. Bh6+ Rxh6 21. Qxh6+ Kg8 22. Ne4 Bd5 23. Ng5 Qe7 24. Rad1 Qg7 25. Qh4 Rf8 26. Re2 Ncxe5 0-1

[Event "FICGS class C 000137 email"]
[Site "FICGS email"]
[Date "2010.02.14"]
[Round "1"]
[White "Denchev, Stanimir"]
[Black "Pech, Jaroslav Sr"]
[Result "1-0"]
[WhiteElo "1611"]
[BlackElo "1657"]
[PlyCount "27"]
[EventDate "2010.??.??"]
[EventType "tourn (corr)"]
[EventRounds "1"]
[SourceTitle "Corr 2013"]
[Source "ChessBase"]
[SourceDate "2012.11.12"]
[SourceVersion "1"]
[SourceVersionDate "2012.11.12"]
[SourceQuality "1"]

1. c4 e5 2. Nc3 Nc6 3. g3 f5 4. Bg2 Nf6 5. d3 Bb4 6. Bd2 0-0 7. Nh3 d6 8. 0-0 Bc5 9. e3 h6 10. f4 a5 11. Kh1 Be6 12. Qf3 Qd7 13. Nf2 Bf7 14. Nd5 1-0

[Event "FICGS class C 000125 email"]
[Site "FICGS email"]
[Date "2009.10.01"]
[Round "1"]
[White "Denchev, Stanimir"]
[Black "Jenkin, Graham"]
[Result "1-0"]
[WhiteElo "1656"]
[BlackElo "1700"]
[PlyCount "21"]
[EventDate "2009.??.??"]
[EventType "tourn (corr)"]
[EventRounds "4"]
[SourceTitle "Corr 2022"]
[Source "ChessBase"]
[SourceDate "2021.10.24"]
[SourceVersion "1"]
[SourceVersionDate "2021.10.24"]
[SourceQuality "1"]

1. d4 d5 2. c4 e6 3. Nf3 Nf6 4. Nc3 Bb4 5. e3 Nc6 6. Qc2 Ne4 7. Bd3 0-0 8. Bxe4 dxe4 9. Qxe4 f5 10. Qc2 b6 11. 0-0 1-0

[Event "FICGS class C 000125 email"]
[Site "FICGS email"]
[Date "2009.10.01"]
[Round "1"]
[White "Vaast, Jean Philippe"]
[Black "Denchev, Stanimir"]
[Result "1-0"]
[WhiteElo "1800"]
[BlackElo "1656"]
[PlyCount "51"]
[EventDate "2009.??.??"]
[EventType "tourn (corr)"]
[EventRounds "4"]
[SourceTitle "Corr 2022"]
[Source "ChessBase"]
[SourceDate "2021.10.24"]
[SourceVersion "1"]
[SourceVersionDate "2021.10.24"]
[SourceQuality "1"]

1. c4 e5 2. g3 d5 3. cxd5 Qxd5 4. Nf3 Nf6 5. Nc3 Qa5 6. Bg2 c6 7. 0-0 Nbd7 8. d4 Bb4 9. Bd2 exd4 10. Nxd4 0-0 11. a3 Be7 12. Nd5 Qd8 13. Nxe7+ Qxe7 14. Qc2 Nb6 15. Bb4 Qc7 16. Bxf8 Kxf8 17. a4 a5 18. Rfd1 Bg4 19. Qc5+ Kg8 20. Nb5 Qc8 21. Qxb6 cxb5 22. Bxb7 Qb8 23. Qc6 Ra7 24. Bc8 h5 25. Rd8+ Kh7 26. Bf5+ 1-0